000 00314nam a2200133Ia 4500
005 20251222153609.0
008 251222s9999||||xx |||||||||||||| ||spa||
020 _a9972254534
082 _a340/G11
245 0 _aINDEX Jurisprudencial 1995-2005:
250 _a1ra.ed.
264 _bGaceta Jurídica
942 _cLIB
999 _c31545
_d31545